000 00634nam a22002177a 4500
005 20230131115005.0
008 230131b ||||| |||| 00| 0 eng d
040 _cAL
041 _aeng
082 _223
_a658.023
_bBASC
100 _aK D Basaba
_970248
245 _aCompany secretarial practice
260 _aHubli
_bVidyavahini Prakashana
_c1992
300 _avii,439p.
_bPB
_c21x13cm
365 _2Management
_b55.00
_c
_d55.00
650 _aJoint Stock Companies
_970249
650 _aFormation of Public Companies
_970250
650 _aMeetings and Proceedings
_970251
700 _aBASAVA (K D)
_970252
942 _2ddc
_cBK
999 _c226487
_d226487